Normal view
MARC view
- NC MUHAMMAD NOOR ULLAH ASC MUHAMMAD KHALIL KHAN NC MUHAMMAD ALI
Entry Personal Name
001 - CONTROL NUMBER
- control field: 70614
003 - CONTROL NUMBER IDENTIFIER
- control field: NUST
005 - DATE AND TIME OF LATEST TRANSACTION
- control field: 20210628204527.0
008 - FIXED-LENGTH DATA ELEMENTS
- fixed length control field: 210628|| aca||aabn | a|a d
040 ## - CATALOGING SOURCE
- Original cataloging agency: NUST
- Transcribing agency: NUST
100 ## - HEADING--PERSONAL NAME
- Personal name: NC MUHAMMAD NOOR ULLAH ASC MUHAMMAD KHALIL KHAN NC MUHAMMAD ALI
670 ## - SOURCE DATA FOUND
- Source citation: Work cat.: (NUST): NC MUHAMMAD NOOR ULLAH ASC MUHAMMAD KHALIL KHAN NC MUHAMMAD ALI , PR-SOF-1825-FUNCTIONALIZATION & RETROFITTING OF COORDINATE MEASRUING MACHINE, 2019
